Statistics for Countries bordering Egypt-هل يمكنك تخمين الدول الأقرب لمصر؟

Click here to take the quiz!

General Stats

  • This quiz has been taken 11 times
  • The average score is 11 of 16

Answer Stats

DistanceCountry% Correct
0Libya
100%
0Sudan
100%
0Israel (Gaza Strip)
91%
1622.23 kmKingdom of Saudi Arabia
91%
1042.09 kmTurkey
91%
607.74 kmCyprus
82%
1109.65 kmGreece
73%
1281.06 kmIraq
73%
500 kmJordan
73%
618.08 kmSyria
73%
590 kmLebanon
64%
1616.12 kmKuwait
55%
1686.50 kmMalta
55%
1624.68 kmAlbania
45%
1594.67 kmNorth Macedonia
45%
1668.77 kmKosovo
36%

Score Distribution

Percentile by Number Answered

Percent of People with Each Score

Your Score History

You have not taken this quiz